[Event "Rio de Janeiro Estadual op"]
[Site "Rio de Janeiro"]
[Date "2024.05.30"]
[Round "2"]
[White "E Silva, Samuel Batista"]
[Black "Laba, Otavio De Souza"]
[Result "0-1"]
[WhiteElo "1800"]
[BlackElo "1879"]
[PlyCount "38"]
[EventDate "2024.05.30"]
[EventType "swiss"]
[EventRounds "6"]
[EventCountry "BRA"]
[SourceTitle "CBM 220 Extra"]
[Source "ChessBase"]
[SourceDate "2024.07.31"]
[SourceVersion "1"]
[SourceVersionDate "2024.07.31"]
[SourceQuality "1"]

1. e4 e5 2. Nf3 Nc6 3. Nc3 Nf6 4. Bc4 Nxe4 5. Qe2 Nxc3 6. bxc3 d5 7. Nxe5 Nxe5 8. Qxe5+ Be6 9. Bb3 Qd7 10. 0-0 Bd6 11. Qd4 c5 12. Qxg7 0-0-0 13. h3 Bxh3 14. Bxd5 Rhg8 15. Qh6 Bxg2 16. Bxg2 Rxg2+ 17. Kh1 Rh2+ 18. Qxh2 Bxh2 19. Kxh2 Qg4 0-1

[Event "Rio de Janeiro Estadual op"]
[Site "Rio de Janeiro"]
[Date "2024.05.30"]
[Round "1"]
[White "Fucs, Paulo Moses"]
[Black "E Silva, Samuel Batista"]
[Result "1-0"]
[WhiteElo "1971"]
[BlackElo "1800"]
[PlyCount "69"]
[EventDate "2024.05.30"]
[EventType "swiss"]
[EventRounds "6"]
[EventCountry "BRA"]
[SourceTitle "CBM 220 Extra"]
[Source "ChessBase"]
[SourceDate "2024.07.31"]
[SourceVersion "1"]
[SourceVersionDate "2024.07.31"]
[SourceQuality "1"]

1. c4 e6 2. Nf3 Nf6 3. g3 d5 4. Bg2 c5 5. 0-0 Be7 6. d4 0-0 7. Na3 a6 8. dxc5 Bxc5 9. Qb3 b6 10. Bg5 Bb7 11. Rad1 d4 12. e3 Nc6 13. exd4 Nxd4 14. Nxd4 Bxg2 15. Nf3 Qc7 16. Kxg2 Ne4 17. Qd3 Qc6 18. Qd7 Qxd7 19. Rxd7 Rac8 20. Be7 Bxe7 21. Rxe7 Rfd8 22. h4 h6 23. Rb7 Rb8 24. Rxb8 Rxb8 25. Rd1 Nc5 26. Ne5 Na4 27. Rd2 b5 28. b3 Nc3 29. Rc2 b4 30. Nc6 Rb6 31. Nxb4 Nxa2 32. Nxa2 Rxb3 33. c5 Rb8 34. c6 Rc8 35. Nb4 1-0